Introducción a las Ciencias Sociales (Registro nro. 9602)

Detalles MARC
000 -LEADER
fixed length control field 01227nam a2200205Ia 4500
005 - FECHA Y HORA DE LA ÚLTIMA TRANSACCIÓN
control field 20241021133548.0
008 - FIXED-LENGTH DATA ELEMENTS--GENERAL INFORMATION
fixed length control field 231003s9999 xx 000 0 und d
020 ## - INTERNATIONAL STANDARD BOOK NUMBER
International Standard Book Number 968-18-5273-7
040 ## - CATALOGING SOURCE
Original cataloging agency UPAN
Transcribing agency Biblioteca San Vicente
Description conventions RCAA2
041 ## - LANGUAGE CODE
Language code of text/sound track or separate title spa
082 ## - DEWEY DECIMAL CLASSIFICATION NUMBER
Classification number 300
Item number A543i
año de publicación 1998
100 ## - MAIN ENTRY--PERSONAL NAME
Personal name Anda Gutiérrez, Cuauhtemoc
Relator code aut.
245 #0 - TITLE STATEMENT
Title Introducción a las Ciencias Sociales
250 ## - EDITION STATEMENT
Edition statement 2° ed., 9° reimpr.
260 ## - PUBLICATION, DISTRIBUTION, ETC. (IMPRINT)
Place of publication, distribution, etc México:
Name of publisher, distributor, etc Limusa,
Date of publication, distribution, etc 1998
300 ## - PHYSICAL DESCRIPTION
Extent 251 p.;
Dimensions 21 cm.
505 ## - FORMATTED CONTENTS NOTE
Formatted contents note Capítulo 1: Conceptualización de la sociedad. <br/>1.1 El hombre y la naturaleza. <br/>1.2 El hombre como ser social. <br/>1.3 El hombre y la cultura. <br/>Capítulo 2: Formas de organización socioeconómica. <br/>2.1 Formas de organización social. <br/>2.2 Diversos modos de producción. <br/>Capítulo 3: Estructuras sociales. <br/>3.1 Estructura económica <br/>3.2 Estructura Jurídico-Política. <br/>3.3 Estructura ideológica.<br/>Capítulo 4: Ciencias sociales. <br/>4.1 Ciencias, producto de la actividad del hombre. <br/>4.2 Ciencias que estudian al hombre social. <br/>Capítulo 5: Aplicación de las ciencias sociales. <br/>5.1 Investigación de los fenómenos sociales.
650 ## - SUBJECT ADDED ENTRY--TOPICAL TERM
Source of heading or term LEMB
General subdivision Ciencias sociales
9 (RLIN) 4
942 ## - ADDED ENTRY ELEMENTS (KOHA)
Koha item type Libros
Source of classification or shelving scheme Dewey Decimal Classification
Existencias
Withdrawn status Lost status Source of classification or shelving scheme Damaged status Not for loan Collection code Home library Current library Date acquired Total Checkouts Full call number Barcode Date last seen Copy number Price effective from Koha item type
    Dewey Decimal Classification     Colección General Biblioteca UPAN San Vicente Biblioteca UPAN San Vicente 03/10/2023   300 A543i 12000192 03/10/2023 01 03/10/2023 Libros
    Dewey Decimal Classification     Colección General Biblioteca UPAN San Vicente Biblioteca UPAN San Vicente 03/10/2023   300 A543i 12000191 03/10/2023 02 03/10/2023 Libros
    Dewey Decimal Classification     Colección General Biblioteca UPAN San Vicente Biblioteca UPAN San Vicente 03/10/2023   300 A543i 12003887 03/10/2023   03/10/2023 Libros